Statistics for Busiest Air Routes from Madrid Airport

Click here to take the quiz!

General Stats

  • This quiz has been taken 601 times
    (600 since last reset)
  • The average score is 15 of 20

Answer Stats

PositionNational/International FlightCity of destination% Correct
1InternationalLondon
100%
2InternationalParis
99%
3NationalBarcelona
98%
8InternationalRome
94%
14InternationalNew York City
92%
6InternationalLisbon
84%
10InternationalAmsterdam
83%
9InternationalFrankfurt
83%
20InternationalMilan
82%
11InternationalMunich
71%
4NationalPalma de Mallorca
67%
16NationalBilbao
66%
12InternationalBrussels
63%
7NationalTenerife
63%
5NationalLas Palmas de Gran Canaria
62%
19InternationalMexico City
61%
13InternationalBuenos Aires
59%
17NationalIbiza
57%
18InternationalMiami
50%
15InternationalSao Paulo
40%

Score Distribution

Percentile by Number Answered

Percent of People with Each Score

Your Score History

You have not taken this quiz since the last reset